Europamästare i fotboll - Statistics

General Stats
  • This quiz has been taken 144 times
    37 since last reset
  • The average score is 9 of 17
Answer Stats
År Vinnare Tvåa % Correct
2024 Spanien England
100%
2020 Italien England
77%
2012 Spanien Italien
73%
2016 Portugal Frankrike
69%
2008 Spanien Tyskland
69%
2000 Frankrike Italien
65%
2004 Grekland Portugal
62%
1996 Tyskland Tjeckien
58%
1992 Danmark Tyskland
50%
1984 Frankrike Spanien
46%
1988 Nederländerna Sovjetunionen
38%
1980 Västtyskland Belgien
38%
1968 Italien Jugoslavien
23%
1964 Spanien Sovjetunionen
23%
1972 Västtyskland Sovjetunionen
23%
1960 Sovjetunionen Jugoslavien
19%
1976 Tjeckoslovakien Västtyskland
15%
No matching quizzes found
Score Distribution
Percent of People with Each Score
Percentile by Number Answered
Your Score History
You have not taken this quiz since the last reset